| 000 | 01558cam a2200373 a 4500 | ||
|---|---|---|---|
| 001 | 14901581 | ||
| 003 | OSt | ||
| 005 | 20230920150212.0 | ||
| 008 | 070625s2008 ctuabf b 001 0 eng | ||
| 010 | _a 2007026329 | ||
| 015 |
_aGBA813080 _2bnb |
||
| 016 | 7 |
_a014507808 _2Uk |
|
| 020 | _a9780300113099 (alk. paper) | ||
| 020 | _a0300113099 (alk. paper) | ||
| 035 | _a(OCoLC)ocn145733001 | ||
| 035 | _a(OCoLC)145733001 | ||
| 040 |
_aDLC _cDLC _dBTCTA _dBAKER _dYDXCP _dUKM _dBWKUK _dDLC |
||
| 043 | _aa-ii--- | ||
| 050 | 0 | 0 |
_aHC435.3 _b.R68 2008 |
| 082 | 0 | 0 |
_a330.954 _bROT/I |
| 100 | 1 |
_aRothermund, Dietmar, _d1933-2020. _99537 |
|
| 245 | 1 | 0 |
_aIndia : _bthe rise of an Asian giant / _cDietmar Rothermund. |
| 260 |
_aNew Haven [Conn.] ; _aLondon : _bYale University Press, _cc2008. |
||
| 300 |
_axiii, 274 p. : _bill., maps ; _c25 cm. |
||
| 504 | _aIncludes bibliographical references (p. [246]-264) and index. | ||
| 651 | 0 |
_aIndia _xEconomic conditions _y21st century. |
|
| 651 | 0 |
_aIndia _xSocial conditions _y21st century. |
|
| 651 | 0 |
_aIndia _xPolitics and government. |
|
| 856 | 4 | 1 |
_3Table of contents only _uhttp://www.loc.gov/catdir/toc/fy0805/2007026329.html |
| 856 | 4 | 2 |
_3Book review (H-Net) _uhttp://www.h-net.org/reviews/showrev.php?id=29995 |
| 906 |
_a7 _bcbc _corignew _d1 _eecip _f20 _gy-gencatlg |
||
| 942 |
_2ddc _cBK _h330.954 _iROT/I _k330.954 _mROT/I |
||
| 999 |
_c42263 _d42263 |
||